<?xml version="1.0" encoding="UTF-8"?>
<marc:record xmlns:marc="http://www.loc.gov/MARC21/slim">
   <marc:leader>00000nam a2200000 a 4500</marc:leader>
   <marc:datafield ind1="1" ind2=" " tag="100">
      <marc:subfield code="a">Bartmann, Ulrich</marc:subfield>
      <marc:subfield code="4">aut</marc:subfield>
      <marc:subfield code="e">Verfasser/-in</marc:subfield>
   </marc:datafield>
   <marc:datafield ind1=" " ind2=" " tag="653">
      <marc:subfield code="a">Dauerlauf</marc:subfield>
   </marc:datafield>
   <marc:datafield ind1=" " ind2=" " tag="653">
      <marc:subfield code="a">Psychische Gesundheit</marc:subfield>
   </marc:datafield>
   <marc:datafield ind1=" " ind2=" " tag="653">
      <marc:subfield code="a">Joggen</marc:subfield>
   </marc:datafield>
   <marc:datafield ind1=" " ind2=" " tag="653">
      <marc:subfield code="a">Laufen</marc:subfield>
   </marc:datafield>
   <marc:datafield ind1=" " ind2=" " tag="653">
      <marc:subfield code="a">Psychische Probleme</marc:subfield>
   </marc:datafield>
   <marc:datafield ind1=" " ind2=" " tag="653">
      <marc:subfield code="a">Ratgeber</marc:subfield>
   </marc:datafield>
   <marc:datafield ind1="0" ind2="0" tag="245">
      <marc:subfield code="a">Joggen und Laufen für die Psyche</marc:subfield>
   </marc:datafield>
   <marc:datafield ind1="0" ind2="0" tag="245">
      <marc:subfield code="b">ein Weg zur seelischen Ausgeglichenheit</marc:subfield>
   </marc:datafield>
   <marc:datafield ind1="0" ind2="0" tag="245">
      <marc:subfield code="c">Ulrich Bartmann. Deutsche Gesellschaft für Verhaltenstherapie, Tübingen</marc:subfield>
   </marc:datafield>
   <marc:datafield ind1=" " ind2="1" tag="264">
      <marc:subfield code="a">Tübingen</marc:subfield>
      <marc:subfield code="b">Dgvt-Verl.</marc:subfield>
      <marc:subfield code="c">2014</marc:subfield>
   </marc:datafield>
   <marc:datafield ind1=" " ind2=" " tag="250">
      <marc:subfield code="a">6., überarb. und erw. Aufl.</marc:subfield>
   </marc:datafield>
   <marc:datafield ind1="1" ind2=" " tag="520">
      <marc:subfield code="a">Angaben aus der Verlagsmeldung

Laufen und Joggen für die Psyche : Ein Weg zur seelischen Ausgeglichenheit / von Ulrich Bartmann

"Wir joggen für unser seelisches und körperliches Wohlbefinden und nicht, um anderen zu zeigen, dass wir die schnellsten, besten und größten Läufer sind." Unter diesem Leitmotiv steht das vorliegende Buch. Die Leser erhalten Informationen darüber, in welchem Ausmaß seelische Ausgeglichenheit und Stabilität, Kreativität und gesundes Selbstbewusstsein durch das Joggen hergestellt und erhalten werden können. Es wird gezeigt, in welchen Bereichen das Laufen zur Behandlung und Vorbeugung psychischer Probleme genutzt werden kann und welche großen Möglichkeiten bestehen, durch lockeres Joggen Belastungen wie Stress, Ängste und Depressionen abzubauen. Der Autor motiviert insbesondere jene, die sich bislang keinen Dauerlauf zutrauen, etwas für ihr Wohlbefinden zu tun und zu laufen. Konkrete – wissenschaftlich untermauerte und in der Praxis erprobte – Anleitungen, wie das Joggen erlernt werden kann und wie eventuell auftauchende Schwierigkeiten zu meistern sind, helfen gerade dem Noch-nicht-Jogger, sich diese großartige Möglichkeit einer umfassenden Selbstbeeinflussung anzueignen. Das gilt für alle Altersgruppen und ist unabhängig vom Geschlecht.
</marc:subfield>
   </marc:datafield>
   <marc:datafield ind1=" " ind2=" " tag="020">
      <marc:subfield code="a">9783871592959</marc:subfield>
      <marc:subfield code="9">9783871592959</marc:subfield>
   </marc:datafield>
   <marc:datafield ind1=" " ind2=" " tag="041">
      <marc:subfield code="a">ger</marc:subfield>
   </marc:datafield>
   <marc:datafield ind1=" " ind2=" " tag="300">
      <marc:subfield code="a">128 S.</marc:subfield>
   </marc:datafield>
</marc:record>
